Walsall Metropolitan Borough Council v Beechdale Community Housing Association Ltd (Record no. 105443)

MARC details
000 -LEADER
fixed length control field 02042cam a2200205 4500
001 - CONTROL NUMBER
control field ##L133652
008 - FIXED-LENGTH DATA ELEMENTS--GENERAL INFORMATION
fixed length control field 060530n2005 000 0 eng u
035 ## - SYSTEM CONTROL NUMBER
System control number (Sirsi) u133652
041 0# - LANGUAGE CODE
Language code of text/sound track or separate title eng
245 00 - TITLE STATEMENT
Title Walsall Metropolitan Borough Council v Beechdale Community Housing Association Ltd
260 ## - PUBLICATION, DISTRIBUTION, ETC.
Date of publication, distribution, etc. 2005
520 ## - SUMMARY, ETC.
Summary, etc. [2005] EWHC 2715 (TCC) 30 November 2005. B purchased 1 500 housing units from W. The contract provided that in the event of a breach of warranty, W would pay B an amount equal to any loss suffered. B claimed that W was in breach of warranty because it failed to disclose documents showing that the structural integrity of the units had been damaged. The arbitrator made an award in favour of B in respect of both actual and future repair costs. W challenged the award on the grounds both of error of law and of serious irregularity. "Held" W was unable to prove an error of law; it was not relying on the award itself, but was seeking to bring in extraneous material, in particular evidence given at the arbitration, which was inadmissible. The arbitrator had not contravened any legal principle, and the application was simply an attempt to re-argue matters already put before the arbitrator. There was also no evidence that any part of the award was tainted by serious irregularity. The arbitrator had heard the evidence and come to a number of conclusions, with which W had not agreed. The arbitrator had not however committed any procedural error in reaching these conclusions. The application was therefore dismissed.
650 24 - SUBJECT ADDED ENTRY--TOPICAL TERM
Topical term or geographic name entry element WALSALL MBC V BEECHDALE COMMUNITY HOUSING ASSOCIATION LTD
650 24 - SUBJECT ADDED ENTRY--TOPICAL TERM
Topical term or geographic name entry element ARBITRATION ACT 1996 S68
650 24 - SUBJECT ADDED ENTRY--TOPICAL TERM
Topical term or geographic name entry element ARBITRATION ACT 1996 S69
651 #4 - SUBJECT ADDED ENTRY--GEOGRAPHIC NAME
Geographic name England and Wales
Chronological subdivision 1543-
690 ## - LOCAL SUBJECT ADDED ENTRY--TOPICAL TERM (OCLC, RLIN)
Topical term or geographic name as entry element MANAGEMENT-DISPUTE AVOIDANCE, MANAGEMENT AND RESOLUTION-DISPUTE MANAGEMENT AND RESOLUTION-ARBITRATION-ARBITRATION AWARDS
856 41 - ELECTRONIC LOCATION AND ACCESS
Uniform Resource Identifier <a href="https://www.bailii.org/cgi-bin/markup.cgi?doc=/ew/cases/EWHC/TCC/2005/2715.html">https://www.bailii.org/cgi-bin/markup.cgi?doc=/ew/cases/EWHC/TCC/2005/2715.html</a>
Public note View the item free of charge at www.bailii.org...
942 ## - ADDED ENTRY ELEMENTS (KOHA)
Suppress in OPAC 0
Holdings
Withdrawn status Lost status Source of classification or shelving scheme Damaged status Not for loan Home library Current library Shelving location Date acquired Total Checkouts Full call number Barcode Date last seen Copy number Price effective from Koha item type
    Dewey Decimal Classification     Virtual Virtual Online 30/05/2006   ONLINE PUBLICATION 133652-1001 06/08/2019 1 06/08/2019 Law report